00432nam a2200133 a 450000100100000000500170001000800410002704000250006808200150009310000280010824500520013626000830018830000270027100004872420201002061346.0190410s2016 dr r 000 spa d aDO-SdBNPbspacBNPHU axxxbS717q aSotolongo Codina, Pedro 0a¿Qué es la CELAC? /cPedro Sotolongo Codina. aSanto Domingo :bMinisterio para Políticas de Integración Regional,c2016. a54 p. :bil. ;c23 cm.